Loading...
Auditory Arts | 1 | 7 | 1 | 1 | 80 | 50 | 104.75 | 1 | 6 |
Literature - American Literature | 3 | 1 | 0 | 0 | 55 | 43 | 61.50 | 3 | 3 |
Literature - World Literature | 1 | 2 | 1 | 0 | 30 | 56 | 88.00 | 1 | 2 |
Literature - British Literature | 2 | 0 | 0 | 0 | 30 | 31 | 32.00 | 2 | 2 |
Beliefs | 1 | 1 | 0 | 0 | 25 | 55 | 79.00 | 1 | 2 |
Social Science | 0 | 2 | 0 | 0 | 20 | 78 | 78.50 | 2 | 2 |
Philosophy | 1 | 1 | 1 | 0 | 20 | 56 | 87.00 | 1 | 1 |
Fine Arts - Other Arts | 0 | 1 | 0 | 0 | 10 | 140 | 140.00 | 1 | 1 |
Literature - European Literature | 0 | 1 | 1 | 1 | 5 | 135 | 135.00 | 0 | 0 |
History - American History | 0 | 1 | 1 | 0 | 5 | 128 | 128.00 | 0 | 0 |
History - Ancient History | 0 | 0 | 1 | 0 | -5 | 0.00 | 0 | 0 |